000 01649cas a2200361 a 4500
001 data
005 20260322212107.0
008 data
010 _a 2010214571
035 _a(OCoLC)606909891
040 _aDLC
_beng
_cDLC
_dOCLCL
_dOCLCQ
_dOCLCF
_dOCLCO
_dOCLCL
041 0 _ager
_aeng
_afre
_ager
042 _apcc
050 0 0 _aK1
_b.K574
066 _c(N
245 0 0 _6880-01
_aAktualʹnye problemy mezhdunarodnogo publichnogo i chastnogo prava.
260 _6880-02
_aPermʹ :
_bPermskiĭ gosudarstvennyĭ universitet
300 _av.
362 1 _aBegan with vyp. 1, published in 2007.
546 _aChiefly Russian, with some text in English, French, and German.
588 _aDescription based on: Vyp. 1, published in 2007; title from title page.
650 0 _aInternational law.
650 7 _aInternational law.
_2fast
_0(OCoLC)fst00976984
710 2 _6880-03
_aPermskiĭ gosudarstvennyĭ universitet.
_1https://id.oclc.org/worldcat/entity/E39QH7JmqhBfmKpBMtJhg39d6g
880 0 0 _6245-01/(N
_a(NaKTUALXNYE(B (NPROBLEMY(B (NMEVDUNARODNOGO(B (NPUBLI^NOGO(B (NI(B (N^ASTNOGO(B (NPRAWA(B.
880 _6260-02/(N
_a(NpERMX(B :
_b(NpERMSKIJ(B (NGOSUDARSTWENNYJ(B (NUNIWERSITET(B
880 2 _6710-03/(N
_a(NpERMSKIJ(B (NGOSUDARSTWENNYJ(B (NUNIWERSITET(B.
906 _a7
_bcbc
_cserorig
_d3
_encip
_f20
_gn-oclcserc
925 0 _aAcquire
_b1 shelf copy
_e2007 issue only
_xPR 2010-04-13
955 _dxg17 2010-05-25
_exg11 2010-06-10 to BCCD
999 _c1583
_d1583